000 01074cam a2200289 c 4500
999 _c4228
_d4228
001 a5048795
003 SpMaBN
005 20180709181815.0
008 110519s2011 sp a | |||| 000 0 spa
015 _aMON1111
017 _aSS 349-2011
_bOficina Depósito Legal Guipúzcoa
020 _a9788496993211
035 _a(OCoLC)776277368
040 _aSpMaBN
_bspa
_cSpMaBN
_erdc
082 _a305.4 O58r 2011
245 0 0 _a(Re)pensar los derechos humanos desde una perspeciva de género /
_cBeatriz de Lucas Larrea, Yosra Bouyanzari, Elena Apilánez Piniella ... [et al.]
246 3 _aRepensar los derechos humanos desde una perspeciva de género
260 _aDonostia-San Sebastián :
_bTercera Prensa = Hirugarren Prentsa,
_c2011
300 _a167 páginas.
_bilustrado., gráficas.
490 0 _aGakoa liburuak
_vn. 13
504 _aIncluye referencias bibliográficas
650 7 _aMujeres
_xDerechos
_zAmérica Latina
650 7 _aMujeres
_zAmérica Latina
_xSituación social
_2embne
700 1 _aLucas Larrea, Beatriz de
942 _2ddc
_cBK
956 _a2